<?xml version="1.0" encoding="UTF-8"?>
<record
    xmlns:xsi="http://www.w3.org/2001/XMLSchema-instance"
    xsi:schemaLocation="http://www.loc.gov/MARC21/slim http://www.loc.gov/standards/marcxml/schema/MARC21slim.xsd"
    xmlns="http://www.loc.gov/MARC21/slim">

  <leader>03047njm a2200481Ia 4500</leader>
  <controlfield tag="001">C2476</controlfield>
  <controlfield tag="003">IT-RoPAU</controlfield>
  <controlfield tag="005">20220918181115.0</controlfield>
  <controlfield tag="008">131025s9999    xx            000 0 und d</controlfield>
  <datafield tag="040" ind1=" " ind2=" ">
    <subfield code="a">IT-RoPAU</subfield>
  </datafield>
  <datafield tag="040" ind1=" " ind2=" ">
    <subfield code="c">IT-RoPAU</subfield>
  </datafield>
  <datafield tag="041" ind1=" " ind2=" ">
    <subfield code="a">INGLESE</subfield>
  </datafield>
  <datafield tag="999" ind1=" " ind2=" ">
    <subfield code="c">99316</subfield>
    <subfield code="d">99316</subfield>
  </datafield>
  <datafield tag="999" ind1=" " ind2=" ">
    <subfield code="b">n.d.</subfield>
  </datafield>
  <datafield tag="100" ind1=" " ind2=" ">
    <subfield code="a">AA.VV.</subfield>
    <subfield code="9">794</subfield>
  </datafield>
  <datafield tag="100" ind1=" " ind2=" ">
    <subfield code="e">Autore musica</subfield>
    <subfield code="9">29863</subfield>
  </datafield>
  <datafield tag="100" ind1=" " ind2=" ">
    <subfield code="g">Codice autore musica SPICS: 12000</subfield>
    <subfield code="9">796</subfield>
  </datafield>
  <datafield tag="245" ind1=" " ind2=" ">
    <subfield code="a">Elvin Jones</subfield>
  </datafield>
  <datafield tag="250" ind1=" " ind2=" ">
    <subfield code="a">2a ed.</subfield>
  </datafield>
  <datafield tag="260" ind1=" " ind2=" ">
    <subfield code="a">MILANO</subfield>
  </datafield>
  <datafield tag="260" ind1=" " ind2=" ">
    <subfield code="b">RUSCONI</subfield>
    <subfield code="c">1994 [1a Ed.:0]</subfield>
  </datafield>
  <datafield tag="300" ind1=" " ind2=" ">
    <subfield code="a">COMPACT DISC</subfield>
  </datafield>
  <datafield tag="300" ind1=" " ind2=" ">
    <subfield code="c">67 minuti (Testo: 0 pag.)</subfield>
  </datafield>
  <datafield tag="500" ind1=" " ind2=" ">
    <subfield code="a">Musica jazz. Compact disc fuori commercio allegato al n. 4 1994 della rivista "Musica jazz".</subfield>
  </datafield>
  <datafield tag="505" ind1=" " ind2=" ">
    <subfield code="a">Ray [(Vilshofen, 23 giugno 1991) (18:00)] - My Dream Come True, To E. J. [(New York, 10 e 11 dicembre 1990) (6:00)] - Youngblood [(Englewood Cliffs, 20 o 21 aprile 1992) (6:00)] - You Don't Know What Love Is [(New York, 20 marzo 1968) (7:00)] - Have You Seen Elveen? [(Englewood Cliffs, 20 o 21 aprile 1992) (8:00)] - Bobsy [(New York, ottobre 1993) (5:00)] - A Lullabye of Itsuko Village [(New York, ottobre 1993) (6:00)] - The Shell Game [(Englewood Cliffs, 15 e 16 ottobre 1992) (13:00)]</subfield>
  </datafield>
  <datafield tag="511" ind1=" " ind2=" ">
    <subfield code="a">Fortune Sonny: fl; Coltrane Ravi: sop; Pickens Willie: p; Jackson Chip: cb; Jones Elvin: batt</subfield>
  </datafield>
  <datafield tag="511" ind1=" " ind2=" ">
    <subfield code="a">Fortune Sonny: ten; Tanaka Takehisa: p; Mcbee Cecil: cb; Jones Elvin: batt</subfield>
  </datafield>
  <datafield tag="511" ind1=" " ind2=" ">
    <subfield code="a">Payton Nicholas: tr; Jackson Javon: ten; Redman Joshua: ten; Mraz George: cb; Jones Elvin: batt</subfield>
  </datafield>
  <datafield tag="511" ind1=" " ind2=" ">
    <subfield code="a">Coleman George: ten; Little Wilbur: cb; Jones Elvin: batt</subfield>
  </datafield>
  <datafield tag="511" ind1=" " ind2=" ">
    <subfield code="a">Payton Nicholas: tr; Marsalis Delfeayo: trne; Fortune Sonny: ten; Pickens Willie: p; McBee Cecil: cb; Jones Elvin: batt; Mahogany Kevin: voc</subfield>
  </datafield>
  <datafield tag="511" ind1=" " ind2=" ">
    <subfield code="a">Payton Nicholas: tr; Marsalis Delfeayo: trne; Fortune Sonny: fl; Pickens Willie: p; McBee Cecil: cb; Jones Elvin: batt</subfield>
  </datafield>
  <datafield tag="511" ind1=" " ind2=" ">
    <subfield code="a">Payton Nicholas: tr; Jackson Javon: ten; Coltrane Ravi: sop; Jordan Kent: fl; Pickens Willie: p; Jones Brad: cb; Jones Elvin: batt</subfield>
  </datafield>
  <datafield tag="650" ind1=" " ind2=" ">
    <subfield code="a">JAZZ [COMPACT DISC]</subfield>
    <subfield code="e">Codice MATERIA SPICS: 9949</subfield>
    <subfield code="9">11822</subfield>
  </datafield>
  <datafield tag="700" ind1=" " ind2=" ">
    <subfield code="a">Jones Elvin</subfield>
    <subfield code="g">Codice interprete SPICS: 10343</subfield>
    <subfield code="e">Interprete</subfield>
    <subfield code="9">29864</subfield>
  </datafield>
  <datafield tag="700" ind1=" " ind2=" ">
    <subfield code="a">Jones Thad</subfield>
    <subfield code="g">Codice autore musica SPICS: 13030</subfield>
    <subfield code="e">Autore musica</subfield>
    <subfield code="p">Ray</subfield>
    <subfield code="9">29865</subfield>
  </datafield>
  <datafield tag="700" ind1=" " ind2=" ">
    <subfield code="a">Tanaka Takehisa</subfield>
    <subfield code="g">Codice autore musica SPICS: 40612</subfield>
    <subfield code="e">Autore musica</subfield>
    <subfield code="p">My Dream Come True, To E. J.</subfield>
    <subfield code="9">29866</subfield>
  </datafield>
  <datafield tag="700" ind1=" " ind2=" ">
    <subfield code="a">Jones Elvin</subfield>
    <subfield code="g">Codice autore musica SPICS: 10343</subfield>
    <subfield code="e">Autore musica</subfield>
    <subfield code="p">Youngblood - The Shell Game</subfield>
    <subfield code="9">29867</subfield>
  </datafield>
  <datafield tag="700" ind1=" " ind2=" ">
    <subfield code="a">Raye Don</subfield>
    <subfield code="g">Codice autore musica SPICS: 20467</subfield>
    <subfield code="e">Autore musica</subfield>
    <subfield code="p">You Don't Know What Love Is</subfield>
    <subfield code="9">29868</subfield>
  </datafield>
  <datafield tag="700" ind1=" " ind2=" ">
    <subfield code="a">De Paul G.</subfield>
    <subfield code="g">Codice autore SPICS: 20243</subfield>
    <subfield code="e">Autore</subfield>
    <subfield code="p">You Don't Know What Love Is</subfield>
    <subfield code="9">29869</subfield>
  </datafield>
  <datafield tag="700" ind1=" " ind2=" ">
    <subfield code="a">Payton Nicholas</subfield>
    <subfield code="g">Codice autore musica SPICS: 40613</subfield>
    <subfield code="e">Autore musica</subfield>
    <subfield code="p">Have You Seen Elveen?</subfield>
    <subfield code="9">29870</subfield>
  </datafield>
  <datafield tag="700" ind1=" " ind2=" ">
    <subfield code="a">Mahogany Kevin</subfield>
    <subfield code="g">Codice autore musica SPICS: 40614</subfield>
    <subfield code="e">Autore musica</subfield>
    <subfield code="p">Bobsy</subfield>
    <subfield code="9">29871</subfield>
  </datafield>
  <datafield tag="700" ind1=" " ind2=" ">
    <subfield code="a">Jones Keiko</subfield>
    <subfield code="g">Codice autore musica SPICS: 40615</subfield>
    <subfield code="e">Autore musica</subfield>
    <subfield code="p">A Lullabye of Itsuko Village</subfield>
    <subfield code="9">29872</subfield>
  </datafield>
  <datafield tag="942" ind1=" " ind2=" ">
    <subfield code="c">CD</subfield>
    <subfield code="2">ddc</subfield>
  </datafield>
  <datafield tag="952" ind1=" " ind2=" ">
    <subfield code="0">0</subfield>
    <subfield code="1">0</subfield>
    <subfield code="4">0</subfield>
    <subfield code="6">C_2476_000000000000000</subfield>
    <subfield code="7">1</subfield>
    <subfield code="a">SPICS</subfield>
    <subfield code="b">SPICS</subfield>
    <subfield code="d">2013-10-25</subfield>
    <subfield code="l">0</subfield>
    <subfield code="o">C2476</subfield>
    <subfield code="r">2013-10-25 00:00:00</subfield>
    <subfield code="w">2013-10-25</subfield>
    <subfield code="y">CD</subfield>
    <subfield code="z">Progr. Ins.: 1159 / N.Vol.: 1 / Copie: 1 - Copia rara: n.d. / date import: 01.01.2014 - By Epidotti, Trombetti, Vaglietti</subfield>
  </datafield>
</record>
